Countries with the most Opera Performances - Statistics

General Stats
  • This quiz has been taken 65 times
  • The average score is 15 of 18
Answer Stats
Performances Country % Correct
2004 Italy
98%
1324 France
97%
603 Spain
95%
1415 United Kingdom
95%
1924 United States
94%
1453 Austria
92%
8765 Germany
92%
890 Switzerland
90%
1806 Russia
87%
704 Poland
84%
343 Australia
82%
859 Czech Republic
79%
200 Canada
77%
167 Japan
76%
362 Hungary
74%
315 Ukraine
73%
239 Romania
65%
253 Bulgaria
48%
No matching quizzes found
Score Distribution
Percent of People with Each Score
Percentile by Number Answered
Your Score History
You have not taken this quiz